| 000 | 00919cab a2200265 4500 | ||
|---|---|---|---|
| 001 | ABS59658 | ||
| 008 | 090401t1998 xxu||||| |||| 00| 0 eng d | ||
| 035 | _a(Sirsi) u89874 | ||
| 041 | _aeng | ||
| 100 | _aWalter, M. | ||
| 245 | _aSite seers seize the day | ||
| 260 | _c1998 | ||
| 350 | _a0 | ||
| 490 |
_aNew Civil Engineer _v19 November 1998, 52-54(2) |
||
| 520 | _aDiscusses the planned changes to environmental legislation relating to site assessment, and the growing awareness of problems associated with uncharted brownfield sites, which have led to an increase in work for site investigation contractors. | ||
| 650 | _aBROWNFIELD SITES | ||
| 650 | _aCONTAMINATED SITES | ||
| 650 | _aENVIRONMENTAL PROTECTION ACT 1990 | ||
| 650 | _aMARINE SITES | ||
| 650 | _aNHBC STANDARDS | ||
| 650 | _aSITE INVESTIGATION | ||
| 690 | _aENVIRONMENTAL AND LAND CONSULTANCY | ||
| 942 | _n0 | ||
| 948 | _c23/11/1998 | ||
| 999 |
_c56897 _d56897 |
||